| 000 | 00426nam a2200157Ia 4500 | ||
|---|---|---|---|
| 008 | 210716s2011 xx 000 0 und d | ||
| 020 | _a9780521263306 | ||
| 041 | _aeng | ||
| 082 | _a338.8 VOGH | ||
| 100 | _aVogel, Harold L. | ||
| 245 | _aFinancial market bubbles and crashes. | ||
| 250 | _a1 | ||
| 260 |
_aNew Delhi _bCambridge University Press _c2011 |
||
| 300 | _axxvi,358 | ||
| 650 | _aFinancial Institutions & Markets | ||
| 999 |
_c208710 _d208710 |
||